=LDR 00000nam 2200000 4500 =001 000155 =020 $9789792499155 =082 $641.500 =100 $Lisa Esti Puji H =245 $30 menit memasak masakan padang =250 $Cetakan I =264 $Yogyakarta: Pustaka Anggrek 2023 =300 $24 halaman; 14 x 20,5 cm =650 $Makanan =905 $641.5 LIS t =336 $$a =337 $$a =338 $$a =005 20260702151432.0 =008 260702s2026\\\\\\\\\\\\\\\\\\\\\\\\\\\\\\\\\\\\\\\\\